Departments in a Rooster on the France Map - Statistics

General Stats
  • This quiz has been taken 32 times
  • The average score is 25 of 30
Answers on the Map
Answers color-coded by a green-red scale on the quiz's map according to % correct below.
 
Answer Stats
Departments % Correct
Bouches-du-Rhône
96%
Lot
96%
Ardèche
92%
Aude
92%
Hérault
92%
Pyrénées-Orientales
92%
Aveyron
88%
Cantal
88%
Drôme
88%
Gard
88%
Isère
88%
Loire
88%
Rhône
88%
Tarn
88%
Tarn-et-Garonne
88%
Vaucluse
88%
Cher
85%
Corrèze
85%
Dordogne
85%
Ain
81%
Alpes-de-Haute-Provence
81%
Hautes-Alpes
81%
Lozère
81%
Puy-de-Dôme
81%
Creuse
77%
Haute-Loire
77%
Allier
73%
Ariège
73%
Haute-Vienne
73%
Indre
69%
No matching quizzes found
Score Distribution
Percent of People with Each Score
Percentile by Number Answered
Your Score History
You have not taken this quiz